<?xml version="1.0" encoding="UTF-8"?>
<marc:record xmlns:marc="http://www.loc.gov/MARC21/slim">
   <marc:leader>00000nam a2200000 a 4500</marc:leader>
   <marc:datafield ind1="1" ind2=" " tag="100">
      <marc:subfield code="a">Magnus, Ariel</marc:subfield>
      <marc:subfield code="4">aut</marc:subfield>
      <marc:subfield code="e">Verfasser/-in</marc:subfield>
   </marc:datafield>
   <marc:datafield ind1="1" ind2=" " tag="100">
      <marc:subfield code="a">Kleemann, Silke</marc:subfield>
      <marc:subfield code="4">trl</marc:subfield>
      <marc:subfield code="e">Übersetzer/-in</marc:subfield>
   </marc:datafield>
   <marc:datafield ind1="1" ind2=" " tag="100">
      <marc:subfield code="a">Linn, Rudolf</marc:subfield>
   </marc:datafield>
   <marc:datafield ind1="1" ind2=" " tag="100">
      <marc:subfield code="a">Magnus, Ariel</marc:subfield>
   </marc:datafield>
   <marc:datafield ind1=" " ind2=" " tag="653">
      <marc:subfield code="a">Kriminalfall</marc:subfield>
   </marc:datafield>
   <marc:datafield ind1=" " ind2=" " tag="653">
      <marc:subfield code="a">Stockholm-Syndrom</marc:subfield>
   </marc:datafield>
   <marc:datafield ind1=" " ind2=" " tag="653">
      <marc:subfield code="a">Softcover / Belletristik/Gegenwartsliteratur (ab 1945)</marc:subfield>
   </marc:datafield>
   <marc:datafield ind1=" " ind2=" " tag="653">
      <marc:subfield code="a">Fiktionale Darstellung</marc:subfield>
   </marc:datafield>
   <marc:datafield ind1=" " ind2=" " tag="653">
      <marc:subfield code="a">Belletristische Darstellung</marc:subfield>
   </marc:datafield>
   <marc:datafield ind1="0" ind2="0" tag="245">
      <marc:subfield code="a">Der Chinese auf dem Fahrrad</marc:subfield>
   </marc:datafield>
   <marc:datafield ind1="0" ind2="0" tag="245">
      <marc:subfield code="b">Roman</marc:subfield>
   </marc:datafield>
   <marc:datafield ind1="0" ind2="0" tag="245">
      <marc:subfield code="c">Ariel Magnus. Aus dem argentinischen Span. von Silke Kleemann</marc:subfield>
   </marc:datafield>
   <marc:datafield ind1=" " ind2="1" tag="264">
      <marc:subfield code="a">Köln</marc:subfield>
      <marc:subfield code="b">Kiepenheuer &amp; Witsch</marc:subfield>
      <marc:subfield code="c">2010</marc:subfield>
   </marc:datafield>
   <marc:datafield ind1=" " ind2=" " tag="250">
      <marc:subfield code="a">1. Aufl.</marc:subfield>
   </marc:datafield>
   <marc:datafield ind1="1" ind2=" " tag="520">
      <marc:subfield code="a">Angaben aus der Verlagsmeldung

Ein Chinese auf dem Fahrrad : Roman / von Ariel Magnus

Vamos Algentina - ein lasantel Loman aus Buenos Ailes, del viel Fleude macht! Ramiro, Zeuge bei der Gerichtsverhandlung gegen den vermeintlichen Brandstifter Li, wird in das chinesische Viertel von Buenos Aires entführt. Mehr Gast als Geisel lernt er eine völlig neue Kultur kennen und verliebt sich in die hübsche Chinesin Yintai, die ihm mit ihren Liebesspielen und ihren Reden für eine chinesische Vormachtstellung in der Welt die Sinne raubt.
Dieser ungezügelt komische Roman führt den Leser in die Wunderwelt chinesischer Miniläden, ins Chinatown von Buenos Aires, und ist eine der witzigsten Liebeskomödien der letzten Zeit. Die ganze Stadt sucht einen mysteriösen Brandstifter, Fosforito (das Streichhölzchen) genannt, der, so das Gerücht, nach seinen Untaten immer auf einem Fahrrad flüchten soll - er ist ja ein Chinese. Li passt genau ins Bild, und so wird er verhaftet. Bei seiner Verurteilung nimmt er eine Geisel, den Computerfreak Ramiro. Er entführt ihn ins Chinesenviertel von Buenos Aires, und zwischen den beiden entwickelt sich eine Freundschaft. In einer merkwürdigen Abwandlung des Stockholm-Syndroms findet Ramiro immer mehr Gefallen an seinen Entführern und ihrer Welt, in der er zwar kein Wort versteht, aber immerhin den besten Sex seines Lebens hat. In dieser Welt steht alles Kopf: Sein Bewacher bittet ihn, bei einem großangelegten Einbruch mitzumachen, seine Liebhaberin will nur an der frischen Luft mit ihm schlafen und Li gesteht, dass alles eine große Verwechslung war. Als Ramiro merkt, dass Li gar nicht Fahrrad fahren kann und die großen jüdischen Machtkämpfe doch chinesische sind, wird es Zeit für ihn, auch mal selbst eine Entscheidung zu treffen.
Argentinien ist Gastland der Frankfurter Buchmesse 2010!
</marc:subfield>
   </marc:datafield>
   <marc:datafield ind1=" " ind2=" " tag="020">
      <marc:subfield code="a">9783462041958</marc:subfield>
      <marc:subfield code="9">9783462041958</marc:subfield>
   </marc:datafield>
   <marc:datafield ind1=" " ind2=" " tag="041">
      <marc:subfield code="a">ger</marc:subfield>
   </marc:datafield>
   <marc:datafield ind1=" " ind2=" " tag="300">
      <marc:subfield code="a">251 S.</marc:subfield>
   </marc:datafield>
</marc:record>
